000 00249nam a2200109Ia 4500
008 190914s9999||||xx |||||||||||||| ||und||
100 _aMolitoris,Joseph
245 0 _aGRE Physics
260 _aIndia
_bS. Chand
_c2001
300 _a2007
942 _cBK
999 _c10102
_d10102